A size effect in the optical properties of powdered TiO2; Russian Physics Journal; Vol. 41, iss. 12

Dades bibliogràfiques
Parent link:Russian Physics Journal.— , 1965-
Vol. 41, iss. 12.— 1998.— [P. 1222-1228]
Autor principal: Mikhailov M. M.
Altres autors: Vlasov V. A.
Sumari:Title screen
Режим доступа: по договору с организацией-держателем ресурса
Idioma:anglès
Publicat: 1998
Matèries:
Accés en línia:http://link.springer.com/article/10.1007/BF02514560
Format: MixedMaterials Electrònic Capítol de llibre
KOHA link:https://koha.lib.tpu.ru/cgi-bin/koha/opac-detail.pl?biblionumber=639433

MARC

LEADER 00000naa0a2200000 4500
001 639433
005 20250217104114.0
035 |a (RuTPU)RU\TPU\network\3919 
090 |a 639433 
100 |a 20150311d1998 k||y0rusy50 ba 
101 0 |a eng 
102 |a US 
135 |a drnn ---uucaa 
181 0 |a i  
182 0 |a b 
200 1 |a A size effect in the optical properties of powdered TiO2  |f M. M. Mikhailov, V. A. Vlasov 
203 |a Text  |c electronic 
300 |a Title screen 
320 |a [References: p. 1228 (18 tit.)] 
333 |a Режим доступа: по договору с организацией-держателем ресурса 
461 |t Russian Physics Journal  |d 1965- 
463 |t Vol. 41, iss. 12  |v [P. 1222-1228]  |d 1998 
610 1 |a электронный ресурс 
610 1 |a труды учёных ТПУ 
700 1 |a Mikhailov  |b M. M. 
701 1 |a Vlasov  |b V. A. 
801 2 |a RU  |b 63413507  |c 20161208  |g RCR 
856 4 |u http://link.springer.com/article/10.1007/BF02514560 
942 |c CF